[Event "Sveins 6. Minneturnering"]
[Site "Oslo"]
[Date "2013.06.21"]
[Round "8"]
[White "Hansen, Lars-Henrik Bech"]
[Black "Mikalsen, Erlend"]
[Result "0-1"]
[WhiteElo "2045"]
[BlackElo "2117"]
[PlyCount "54"]
[EventDate "2013.??.??"]

1. e4 e5 2. Nf3 Nc6 3. d4 exd4 4. Bc4 Bc5 5. c3 Nf6 6. e5 Ne4 7. cxd4 Bb4+ 8.
Nbd2 d5 9. Bb5 O-O 10. O-O Bxd2 11. Bxd2 Bg4 12. Be3 f5 13. exf6 Qxf6 14. Be2
Rae8 15. Qb3 Qd6 16. Qd1 Qb4 17. Rb1 Re6 18. a3 Qd6 19. Rc1 Rfe8 20. b4 Nxf2
21. Bxf2 Rxe2 22. Bg3 Qh6 23. b5 Bxf3 24. gxf3 Rd2 25. Qb3 Nxd4 26. Qxd5+ Kh8
27. Qf7 Ne2+
0-1

[Event "Sveins 6. Minneturnering"]
[Site "Oslo"]
[Date "2013.06.21"]
[Round "8"]
[White "Kjøita, Henning Jakhelln"]
[Black "Westerinen, Heikki M.J"]
[Result "1-0"]
[WhiteElo "2032"]
[BlackElo "2318"]
[PlyCount "123"]
[EventDate "2013.??.??"]

1. e4 e6 2. d4 d5 3. Nd2 c5 4. c3 cxd4 5. cxd4 Bb4 6. e5 Ne7 7. Qg4 Nf5 8. Ngf3
Nc6 9. Bd3 h5 10. Qf4 h4 11. O-O Be7 12. Nb3 a5 13. Qg4 g6 14. Rd1 a4 15. Nc5
Ncxd4 16. Nxd4 Bxc5 17. Bb5+ Kf8 18. Bg5 Qb6 19. Nxf5 Bxf2+ 20. Kh1 exf5 21.
Qf3 Be6 22. h3 Bc5 23. Rxd5 Qxb5 24. Rc1 Bxd5 25. Qxd5 Qc6 26. Qxc5+ Qxc5 27.
Rxc5 Rh5 28. Bf6 f4 29. Kg1 Rf5 30. Kf2 Kg8 31. Kf3 Re8 32. Ra5 Kh7 33. Rxa4 g5
34. Rb4 Rxf6 35. exf6 Kg6 36. Rxb7 Re3+ 37. Kf2 Kxf6 38. a4 Ke6 39. a5 Rd3 40.
a6 Rd2+ 41. Kf3 Rd1 42. a7 Ra1 43. b4 f5 44. b5 Ra3+ 45. Ke2 Ra2+ 46. Kd3 Kd5
47. b6 g4 48. hxg4 fxg4 49. Rb8 f3 50. gxf3 g3 51. a8=Q+ Rxa8 52. Rxa8 g2 53.
Ra1 h3 54. b7 h2 55. b8=Q g1=Q 56. Qb5+ Kd6 57. Ra6+ Kc7 58. Qc6+ Kd8 59. Ra8+
Ke7 60. Re8+ Kf7 61. Qe6+ Kg7 62. Re7+ 1-0

[Event "Sveins 6. Minneturnering"]
[Site "Oslo"]
[Date "2013.06.21"]
[Round "8"]
[White "Svensen, Tarjei Joten"]
[Black "Johansen, Stian"]
[Result "1-0"]
[WhiteElo "2094"]
[BlackElo "2081"]
[PlyCount "61"]
[EventDate "2013.??.??"]

1. d4 g6 2. Nf3 Bg7 3. e4 c5 4. d5 d6 5. Be2 Bg4 6. O-O Bxf3 7. Bxf3 b5 8. Qe2
a6 9. a4 b4 10. Nd2 a5 11. Nc4 Nd7 12. Rb1 Ngf6 13. Bf4 O-O 14. e5 dxe5 15.
Nxe5 Nxe5 16. Bxe5 Qd7 17. Qc4 Qf5 18. Bg3 Rfd8 19. Rbd1 Rac8 20. Rfe1 Kf8 21.
d6 exd6 22. Bxd6+ Kg8 23. Re5 Rxd6 24. Rxf5 Rxd1+ 25. Bxd1 gxf5 26. Be2 Ne4 27.
Bh5 Rf8 28. Qd5 Kh8 29. g3 Bxb2 30. Qxf5 Nf6 31. Qxc5 1-0

[Event "Sveins 6. Minneturnering"]
[Site "Oslo"]
[Date "2013.06.21"]
[Round "8"]
[White "Kjøita, Torgeir Jakhelln"]
[Black "Poulsen, Iver"]
[Result "1/2-1/2"]
[WhiteElo "1911"]
[BlackElo "2086"]
[PlyCount "65"]
[EventDate "2013.??.??"]

1. e4 c5 2. Nf3 Nc6 3. d4 cxd4 4. Nxd4 Nf6 5. Nc3 g6 6. Nxc6 bxc6 7. e5 Nh5 8.
Be2 Ng7 9. O-O Rb8 10. Ne4 Ne6 11. Bg4 Bg7 12. f4 Qb6+ 13. Kh1 Qd4 14. Bxe6
Qxe4 15. Re1 Qb4 16. a3 Qa5 17. Bg4 O-O 18. b4 Qc7 19. Bb2 Rd8 20. Qf3 d6 21.
exd6 Rxd6 22. Bxg7 Kxg7 23. Bxc8 Rxc8 24. Qe4 e6 25. c4 Qd7 26. Qe5+ Kg8 27. h4
Rd2 28. h5 Qd4 29. Qg5 Rd8 30. h6 f6 31. Qg4 f5 32. Qf3 Qf6 33. Qxc6 
1/2-1/2

[Event "Sveins 6. Minneturnering"]
[Site "Oslo"]
[Date "2013.06.21"]
[Round "8"]
[White "Langmyhr, Tore"]
[Black "Moseng, Geir"]
[Result "1/2-1/2"]
[WhiteElo "1930"]
[BlackElo "2068"]
[PlyCount "57"]
[EventDate "2013.??.??"]

1. c4 e5 2. Nf3 e4 3. Nd4 Nc6 4. e3 Nxd4 5. exd4 d5 6. d3 Nf6 7. Nc3 c6 8. cxd5
cxd5 9. dxe4 Nxe4 10. Bb5+ Bd7 11. Qe2 Be7 12. Nxd5 Qa5+ 13. Bd2 Qxd2+ 14. Qxd2
Nxd2 15. Bxd7+ Kxd7 16. Kxd2 Bd6 17. g3 Rhe8 18. Rhe1 Rac8 19. Rxe8 Rxe8 20.
Kd3 Re6 21. Rc1 Rh6 22. h4 f5 23. Ne3 f4 24. Nf5 Rg6 25. Nxd6 Kxd6 26. Rg1 Kd5
27. g4 Rb6 28. b3 Rb4 29. f3 1/2-1/2

[Event "Sveins 6. Minneturnering"]
[Site "Oslo"]
[Date "2013.06.21"]
[Round "8"]
[White "Omtvedt, Per"]
[Black "Rødvik, Trym Daniel"]
[Result "1/2-1/2"]
[WhiteElo "2051"]
[BlackElo "1891"]
[PlyCount "49"]
[EventDate "2013.??.??"]

1. e4 c5 2. Nc3 d6 3. g3 Nf6 4. Bg2 g6 5. d3 Nc6 6. Nge2 Bg7 7. O-O Rb8 8. h3
Bd7 9. Be3 b5 10. Qd2 h5 11. f3 Qc8 12. Kh2 Be6 13. Nf4 Bd7 14. Nce2 e5 15. Nd5
Nxd5 16. exd5 Nd4 17. c3 Nf5 18. Bf2 O-O 19. d4 cxd4 20. cxd4 exd4 21. Nxd4 Qb7
22. f4 Rbc8 23. Rac1 Nxd4 24. Bxd4 Bxd4 25. Qxd4
1/2-1/2

[Event "Sveins 6. Minneturnering"]
[Site "Oslo"]
[Date "2013.06.21"]
[Round "8"]
[White "Østby, Martin Bergsjø"]
[Black "Mac Arthur, John"]
[Result "0-1"]
[WhiteElo "1872"]
[BlackElo "2013"]
[PlyCount "80"]
[EventDate "2013.??.??"]

1. e4 c5 2. Nf3 d6 3. d4 cxd4 4. Nxd4 Nf6 5. Nc3 a6 6. Be2 e5 7. Nb3 Be7 8. O-O
O-O 9. Be3 Be6 10. Kh1 Nbd7 11. f4 Qc7 12. Qd2 b5 13. Rac1 Nb6 14. Bxb6 Qxb6
15. Nd5 Bxd5 16. exd5 Nd7 17. c4 exf4 18. cxb5 axb5 19. Rc6 Qb8 20. a3 Bf6 21.
Nd4 Bxd4 22. Qxd4 Ne5 23. Rb6 Qa7 24. Rxf4 Rfc8 25. Qg1 Rc2 26. Bxb5 Rxb2 27.
a4 Qc7 28. Rf1 Qd8 29. h3 Rxa4 30. Rc1 Ra8 31. Rb7 g6 32. Bc6 Raa2 33. Rxb2
Rxb2 34. Rb1 Rc2 35. Rc1 Rd2 36. Rd1 Qg5 37. Rxd2 Qxd2 38. Qb1 Nc4 39. Qe4 Ne3
40. Qf3 Qe1+ 
0-1

[Event "Sveins 6. Minneturnering"]
[Site "Oslo"]
[Date "2013.06.21"]
[Round "8"]
[White "Eriksen, Dag"]
[Black "Sætre, Roger"]
[Result "0-1"]
[WhiteElo "1735"]
[BlackElo "1835"]
[PlyCount "108"]
[EventDate "2013.??.??"]

1. Nf3 Nc6 2. d3 e5 3. g3 g6 4. Bg2 Bg7 5. O-O d6 6. Nbd2 f5 7. e4 f4 8. c3 g5
9. Qb3 h5 10. h4 Bf6 11. d4 gxh4 12. dxe5 dxe5 13. gxf4 h3 14. Nc4 hxg2 15. Rd1
Qe7 16. Ncxe5 Bxe5 17. fxe5 Qe6 18. Ng5 Qxb3 19. axb3 Nge7 20. e6 Ng6 21. f4
O-O 22. f5 Nge7 23. Nf7 b6 24. Bh6 Rxf7 25. exf7+ Kxf7 26. Rd2 Na5 27. Rxg2
Nxb3 28. Re1 Ng8 29. Rg7+ Kf8 30. Rh7+ Nxh6 31. Rxh6 Bb7 32. e5 Nd2 33. Re2
Nf3+ 34. Kf2 Re8 35. Rh8+ Ke7 36. Rxe8+ Kxe8 37. Re3 Nh2 38. Re2 h4 39. Ke3 Nf3
40. Rf2 h3 41. Rxf3 h2 42. Rh3 h1=Q 43. Rxh1 Bxh1 44. Kd4 Kd7 45. b4 Bg2 46. c4
Bh3 47. Ke4 c6 48. e6+ Kd6 49. c5+ bxc5 50. bxc5+ Ke7 51. Ke5 Bxf5 52. Kxf5 a5
53. Ke5 a4 54. Kd4 Kxe6 0-1

[Event "Sveins 6. Minneturnering"]
[Site "Oslo"]
[Date "2013.06.21"]
[Round "8"]
[White "Machlik, Jon"]
[Black "Rødsmoen, Maud"]
[Result "1-0"]
[WhiteElo "1837"]
[BlackElo "1769"]
[PlyCount "63"]
[EventDate "2013.??.??"]

1. e4 c5 2. Nf3 e6 3. d4 cxd4 4. Nxd4 a6 5. Be3 Qc7 6. Qd2 Nf6 7. f3 b5 8. g4
d5 9. g5 Nfd7 10. exd5 exd5 11. f4 Bb7 12. Bh3 h6 13. g6 Nc5 14. Nc3 b4 15.
Nce2 fxg6 16. Rg1 Nbd7 17. Rxg6 O-O-O 18. Ne6 Nxe6 19. Bxe6 Kb8 20. O-O-O Nf6
21. Qd4 Bc6 22. Kb1 Bb5 23. Nc1 a5 24. Nd3 Ba4 25. Rc1 Be8 26. Rg2 Qb7 27. c4
a4 28. c5 b3 29. a3 Qa6 30. c6 Bd6 31. Nb4 Qa5 32. Rxg7 
1-0

[Event "Sveins 6. Minneturnering"]
[Site "Oslo"]
[Date "2013.06.21"]
[Round "8"]
[White "Sætre, Mathias"]
[Black "Ellingsrud, Bjørn"]
[Result "1-0"]
[WhiteElo "1798"]
[BlackElo "1629"]
[PlyCount "51"]
[EventDate "2013.??.??"]

1. e4 e5 2. Nf3 Nc6 3. d4 exd4 4. Bc4 h6 5. O-O d6 6. Nxd4 Nxd4 7. Qxd4 Be6 8.
Bxe6 fxe6 9. Qb4 b6 10. Nc3 Be7 11. Qb5+ Qd7 12. Qh5+ Kd8 13. f4 Nf6 14. Qf3
Qc6 15. Be3 Kc8 16. Bd4 Rf8 17. Qh3 Qd7 18. e5 Ne8 19. exd6 Bxd6 20. Rad1 Qf7
21. Rde1 c5 22. Rxe6 Kc7 23. Nb5+ Kc6 24. Nxd6 Nxd6 25. Be5 Rad8 26. Rd1 
1-0

[Event "Sveins 6. Minneturnering"]
[Site "Oslo"]
[Date "2013.06.21"]
[Round "9"]
[White "Hillarp, Tiger"]
[Black "Bekker-Jensen, Simon"]
[Result "1-0"]
[WhiteElo "2517"]
[BlackElo "2419"]
[PlyCount "71"]
[EventDate "2013.??.??"]

1. c4 Nf6 2. g3 g6 3. Bg2 Bg7 4. Nc3 O-O 5. e4 d6 6. Nge2 c5 7. d3 Nc6 8. O-O
a6 9. a3 Rb8 10. Rb1 b5 11. cxb5 axb5 12. b4 cxb4 13. axb4 e5 14. h3 Be6 15. f4
exf4 16. gxf4 d5 17. f5 d4 18. fxe6 dxc3 19. exf7+ Rxf7 20. Be3 Rc8 21. Nxc3
Nxb4 22. Nxb5 Nxd3 23. Qb3 Nc5 24. Bxc5 Rxc5 25. Rfd1 Qb6 26. Qxf7+ Kxf7 27.
Nd6+ Qxd6 28. Rxd6 Ke7 29. Rdb6 Ne8 30. Rb7+ Nc7 31. Rd1 Rc2 32. h4 Be5 33. Bh3
Kf6 34. Rd7 Bh2+ 35. Kf1 h5 36. e5+ 1-0

[Event "Sveins 6. Minneturnering"]
[Site "Oslo"]
[Date "2013.06.21"]
[Round "9"]
[White "Tari, Aryan"]
[Black "Østmoe, Geir Sune Tallaksen"]
[Result "0-1"]
[WhiteElo "2354"]
[BlackElo "2444"]
[PlyCount "56"]
[EventDate "2013.??.??"]

1. e4 e5 2. Nf3 Nc6 3. Bc4 Nf6 4. Ng5 d5 5. exd5 b5 6. Bf1 Nd4 7. c3 Nxd5 8.
cxd4 Qxg5 9. Bxb5+ Kd8 10. O-O exd4 11. Bc6 Rb8 12. d3 Qf5 13. Qa4 Nb4 14. Be4
Qb5 15. Qxa7 Nc2 16. Bf4 Qb6 17. Qxb6 Rxb6 18. Nd2 Nxa1 19. Nc4 Rf6 20. Be5 Nc2
21. Bxf6+ gxf6 22. a3 Bh6 23. Na5 f5 24. Bd5 Ba6 25. Nc6+ Kd7 26. Ne5+ Kd6 27.
Nxf7+ Kxd5 28. Nxh8 Bxd3 0-1

[Event "Sveins 6. Minneturnering"]
[Site "Oslo"]
[Date "2013.06.21"]
[Round "9"]
[White "Djurhuus, Rune"]
[Black "Ziska, Helgi Dam"]
[Result "1-0"]
[WhiteElo "2455"]
[BlackElo "2474"]
[PlyCount "119"]
[EventDate "2013.??.??"]

1. e4 c5 2. Nf3 d6 3. d4 cxd4 4. Nxd4 Nf6 5. Nc3 a6 6. a4 Nc6 7. Nb3 e5 8. Bg5
Be7 9. Bxf6 Bxf6 10. Bc4 O-O 11. O-O Be6 12. Nd5 Rc8 13. c3 Bg5 14. Qd3 Kh8 15.
Rfd1 f5 16. a5 fxe4 17. Qxe4 Ne7 18. Nd2 Bxd2 19. Rxd2 Rc5 20. b4 Rxc4 21. Qxc4
Nxd5 22. Rxd5 Qf6 23. f3 e4 24. fxe4 Bxd5 25. exd5 Qf2+ 26. Kh1 h6 27. h3 Re8
28. Rf1 Re1 29. Rxe1 Qxe1+ 30. Kh2 Qe5+ 31. g3 Qe3 32. Qc8+ Kh7 33. Qf5+ Kh8
34. Qc2 Qe1 35. h4 Kg8 36. Kg2 h5 37. Qd3 Kh8 38. Qf5 Qe2+ 39. Qf2 Qe5 40. Qf3
g6 41. Kf2 Kg7 42. Qd3 Kf7 43. Kf3 Kg7 44. c4 Qf6+ 45. Ke2 Qb2+ 46. Qd2 Qb3 47.
Qd4+ Kh7 48. c5 Qxg3 49. Qe4 Qh2+ 50. Kd3 Qb2 51. Qe7+ Kh6 52. Qe3+ Kh7 53.
cxd6 Qb1+ 54. Kc4 Qc2+ 55. Kd4 Qb2+ 56. Kc5 b6+ 57. Kc6 Qxb4 58. d7 Qc4+ 59.
Kd6 Qb4+ 60. Kc7 1-0

[Event "Sveins 6. Minneturnering"]
[Site "Oslo"]
[Date "2013.06.21"]
[Round "9"]
[White "Hoi, Carsten"]
[Black "Grotnes, Nils Ragnar"]
[Result "1-0"]
[WhiteElo "2392"]
[BlackElo "2182"]
[PlyCount "43"]
[EventDate "2013.??.??"]

1. d4 Nf6 2. Nf3 d5 3. c4 e6 4. Nc3 c5 5. cxd5 Nxd5 6. e3 cxd4 7. exd4 Bb4 8.
Bd2 O-O 9. Bd3 Nd7 10. O-O Nxc3 11. bxc3 Ba5 12. Rc1 h6 13. Re1 Bc7 14. Qe2 Nf6
15. Ne5 Qd5 16. Bc4 Qd6 17. Qf3 Bd8 18. Bxh6 gxh6 19. Qg3+ Ng4 20. Qxg4+ Kh8
21. Qh5 Bg5 22. Qxf7 1-0

[Event "Sveins 6. Minneturnering"]
[Site "Oslo"]
[Date "2013.06.21"]
[Round "9"]
[White "Christiansen, Johan-Sebastian"]
[Black "Salomon, Johan"]
[Result "1-0"]
[WhiteElo "2086"]
[BlackElo "2229"]
[PlyCount "35"]
[EventDate "2013.??.??"]

1. d4 Nf6 2. c4 e6 3. Nc3 Bb4 4. Qc2 Nc6 5. Nf3 d6 6. e4 e5 7. d5 Nd4 8. Nxd4
exd4 9. Qa4+ Kf8 10. Qxb4 dxc3 11. Bd3 cxb2 12. Bxb2 Kg8 13. O-O Nd7 14. Rae1
f6 15. f4 c6 16. Qxd6 Qb6+ 17. Rf2 Nc5 18. Bd4 
1-0

[Event "Sveins 6. Minneturnering"]
[Site "Oslo"]
[Date "2013.06.21"]
[Round "9"]
[White "Getz, Nicolai"]
[Black "Kjøita, Henning Jakhelln"]
[Result "1-0"]
[WhiteElo "2359"]
[BlackElo "2032"]
[PlyCount "63"]
[EventDate "2013.??.??"]

1. d4 Nf6 2. c4 c5 3. Nf3 cxd4 4. Nxd4 g6 5. Nc3 Bg7 6. e4 Nc6 7. Nc2 O-O 8.
Be2 d6 9. O-O b6 10. f4 Bb7 11. Bf3 Rc8 12. b3 Qc7 13. Bb2 Qb8 14. Nd5 Nxd5 15.
Bxg7 Ne3 16. Nxe3 Kxg7 17. Qd2 e5 18. f5 f6 19. Ng4 g5 20. h4 h6 21. Nxh6 Kxh6
22. hxg5+ Kg7 23. gxf6+ Kxf6 24. Qh6+ Ke7 25. Qg7+ Rf7 26. f6+ Ke8 27. Bh5 Nd8
28. Bxf7+ Nxf7 29. Qg8+ Kd7 30. Qxf7+ Kc6 31. Rad1 Rf8 32. Qd5+ 1-0

[Event "Sveins 6. Minneturnering"]
[Site "Oslo"]
[Date "2013.06.21"]
[Round "9"]
[White "Mihajlov, Sebastian"]
[Black "Arvola, Benjamin"]
[Result "0-1"]
[WhiteElo "2101"]
[BlackElo "2358"]
[PlyCount "54"]
[EventDate "2013.??.??"]

1. d4 Nf6 2. c4 e6 3. Nf3 d5 4. g3 dxc4 5. Qa4+ Bd7 6. Qxc4 Bc6 7. Bg2 Bd6 8.
Nc3 O-O 9. O-O Nbd7 10. Qd3 a6 11. e4 Be7 12. Be3 Nc5 13. Qc2 Bxe4 14. Nxe4
Ncxe4 15. Ne5 Nd6 16. Rac1 c6 17. a3 Nd5 18. Qb3 Rb8 19. Nc4 Nf5 20. Rfd1 Bf6
21. Qd3 h5 22. Nd2 Nfxe3 23. fxe3 Nxe3 24. Re1 Nxg2 25. Re4 Bg5 26. Kxg2 Bxd2
27. Qxd2 Qd5 0-1

[Event "Sveins 6. Minneturnering"]
[Site "Oslo"]
[Date "2013.06.21"]
[Round "9"]
[White "Poulsen, Iver"]
[Black "Mihajlov, Svetoslav"]
[Result "1/2-1/2"]
[WhiteElo "2086"]
[BlackElo "2055"]
[PlyCount "56"]
[EventDate "2013.??.??"]

1. e4 c5 2. Nc3 a6 3. Nf3 e6 4. d4 cxd4 5. Nxd4 Qc7 6. Bd3 Nc6 7. Nxc6 dxc6 8.
Qe2 e5 9. O-O Nf6 10. f4 Bc5+ 11. Be3 Bxe3+ 12. Qxe3 exf4 13. Qxf4 Qxf4 14.
Rxf4 Nd7 15. Re1 Ne5 16. Na4 Rb8 17. Nc5 a5 18. Be2 O-O 19. Nd3 Re8 20. Nxe5
Rxe5 21. Bc4 Be6 22. Bxe6 Rxe6 23. Rd1 Kf8 24. Kf2 Ke7 25. Ke3 f6 26. h4 Rd6
27. Rd3 Rxd3+ 28. cxd3 g6 1/2-1/2

[Event "Sveins 6. Minneturnering"]
[Site "Oslo"]
[Date "2013.06.21"]
[Round "9"]
[White "Merkesvik, Sondre"]
[Black "Hansen, Lars-Henrik Bech"]
[Result "0-1"]
[WhiteElo "1934"]
[BlackElo "2045"]
[PlyCount "50"]
[EventDate "2013.??.??"]

1. Nf3 Nf6 2. g3 g6 3. Bg2 Bg7 4. O-O O-O 5. c4 d6 6. d4 c6 7. Nc3 Qa5 8. e4
Qh5 9. Re1 Bh3 10. Bf4 Ng4 11. Nh4 Bxg2 12. Kxg2 Nf6 13. Nf3 Nbd7 14. e5 Ne8
15. e6 fxe6 16. Rxe6 Rxf4 17. Rxe7 Rf7 18. Qe2 Nef6 19. Qe6 Raf8 20. Nh4 Qg4
21. Qxd6 Rxe7 22. Qxe7 Re8 23. Qb4 Qxd4 24. Rd1 Qc5 25. Qb3 Nb6 
0-1

[Event "Sveins 6. Minneturnering"]
[Site "Oslo"]
[Date "2013.06.21"]
[Round "9"]
[White "Mac Arthur, John"]
[Black "Gonzalez, Francisco Silva"]
[Result "0-1"]
[WhiteElo "2013"]
[BlackElo "2050"]
[PlyCount "82"]
[EventDate "2013.??.??"]

1. e4 e5 2. Nf3 Nc6 3. Bb5 a6 4. Ba4 Nf6 5. O-O Bc5 6. Nxe5 Nxe5 7. d4 b5 8.
Bb3 Bxd4 9. Qxd4 d6 10. f4 Nc6 11. Qd3 Bb7 12. Bd2 O-O 13. Nc3 Nb4 14. Qf3 c5
15. Nd5 Nbxd5 16. Bxd5 Nxd5 17. exd5 b4 18. c4 Qf6 19. b3 Rfe8 20. f5 a5 21.
Rae1 a4 22. Rxe8+ Rxe8 23. Re1 Qd4+ 24. Qf2 Rxe1+ 25. Bxe1 Qxf2+ 26. Kxf2 a3
27. Ke3 Kf8 28. Bh4 Bxd5 29. Kd3 Bxg2 30. f6 gxf6 31. Bxf6 Bh3 32. Kc2 Bf5+ 33.
Kc1 Ke8 34. h4 Kd7 35. Bg7 Ke6 36. Bh6 Ke5 37. Bf8 Bd3 38. Bg7+ f6 39. h5 Ke6
40. Bf8 Be2 41. h6 f5 0-1

[Event "Sveins 6. Minneturnering"]
[Site "Oslo"]
[Date "2013.06.21"]
[Round "9"]
[White "Johansen, Stian"]
[Black "Machlik, Jon"]
[Result "1-0"]
[WhiteElo "2081"]
[BlackElo "1837"]
[PlyCount "59"]
[EventDate "2013.??.??"]

1. d4 d5 2. c4 e6 3. Nc3 f5 4. g4 Bb4 5. gxf5 exf5 6. Bg2 c6 7. Qb3 Bxc3+ 8.
bxc3 dxc4 9. Qxc4 Qd6 10. Qb3 Nf6 11. Rb1 b6 12. Ba3 Qe6 13. Qc2 Ba6 14. Nh3
Bc4 15. Nf4 Qd7 16. h4 Nd5 17. Nxd5 cxd5 18. Rh3 Kf7 19. Rf3 g6 20. Bh3 Kf6 21.
Bc1 Rf8 22. Bh6 Re8 23. e3 Re4 24. Kd2 Nc6 25. Rg1 b5 26. h5 Rg8 27. Bxf5 gxf5
28. Rxg8 Nd8 29. Rf8+ Ke6 30. Bg5 1-0

[Event "Sveins 6. Minneturnering"]
[Site "Oslo"]
[Date "2013.06.21"]
[Round "9"]
[White "Westerinen, Heikki M.J"]
[Black "Langmyhr, Tore"]
[Result "1-0"]
[WhiteElo "2318"]
[BlackElo "1930"]
[PlyCount "35"]
[EventDate "2013.??.??"]

1. e4 d5 2. exd5 Nf6 3. d4 Nxd5 4. Nf3 Bg4 5. h3 Bh5 6. g4 Bg6 7. Ne5 e6 8. Bg2
Nc6 9. Nxg6 hxg6 10. c4 Nb6 11. c5 Nd5 12. Nc3 Nxc3 13. bxc3 Be7 14. Rb1 Rb8
15. Rxb7 Qd7 16. Bxc6 Qxc6 17. Rxb8+ Kd7 18. d5 1-0

[Event "Sveins 6. Minneturnering"]
[Site "Oslo"]
[Date "2013.06.21"]
[Round "9"]
[White "Rødvik, Trym Daniel"]
[Black "Toby, Albert"]
[Result "1/2-1/2"]
[WhiteElo "1891"]
[BlackElo "2074"]
[PlyCount "40"]
[EventDate "2013.??.??"]

1. e4 c6 2. d4 d5 3. e5 Bf5 4. h4 h5 5. Bg5 Qb6 6. Bd3 Bxd3 7. Qxd3 Qa6 8. Qxa6
Nxa6 9. Nf3 Nh6 10. c3 f6 11. Bf4 e6 12. b4 Be7 13. Nbd2 Nf7 14. Bg3 Kd7 15.
Nb3 Rag8 16. Kd2 Nc7 17. Nc5+ Kc8 18. Rhe1 f5 19. Bf4 b6 20. Nd3 Kd7 1/2-1/2

[Event "Sveins 6. Minneturnering"]
[Site "Oslo"]
[Date "2013.06.21"]
[Round "9"]
[White "Djurhuus, Eivind X"]
[Black "Sætre, Mathias"]
[Result "1-0"]
[WhiteElo "1934"]
[BlackElo "1798"]
[PlyCount "107"]
[EventDate "2013.??.??"]

1. e4 d6 2. d4 g6 3. Nc3 Bg7 4. g3 Nf6 5. Bg2 O-O 6. Nge2 c5 7. O-O cxd4 8.
Nxd4 Qb6 9. Nb3 Bd7 10. Be3 Qc7 11. h3 Na6 12. Qd2 Rfd8 13. Rfe1 Nc5 14. Nd4 a6
15. a4 e5 16. Nde2 Bc6 17. f3 Ne6 18. a5 Qe7 19. Nd5 Bxd5 20. exd5 Nc5 21. b4
Ncd7 22. Nc3 Rdc8 23. Ne4 Ne8 24. Rac1 Qf8 25. c4 h6 26. c5 f5 27. Nxd6 Nxd6
28. cxd6 Qxd6 29. Bxh6 Nf6 30. Bxg7 Kxg7 31. Rxc8 Rxc8 32. Qe3 Qxb4 33. Qxe5
Qc5+ 34. Kh2 Re8 35. Qa1 Rxe1 36. Qxe1 Qxd5 37. Qe7+ Qf7 38. Qb4 Qd5 39. Qe7+
Qf7 40. Qxf7+ Kxf7 41. f4 Ne4 42. Bxe4 fxe4 43. Kg2 Ke6 44. Kf2 Kd5 45. Ke3 Kc6
46. Kxe4 Kb5 47. g4 Kxa5 48. f5 gxf5+ 49. gxf5 b5 50. f6 b4 51. f7 Ka4 52. f8=Q
a5 53. Qc5 b3 54. Kd3 1-0

[Event "Sveins 6. Minneturnering"]
[Site "Oslo"]
[Date "2013.06.21"]
[Round "9"]
[White "Johnsen, Sylvia"]
[Black "Østby, Martin Bergsjø"]
[Result "0-1"]
[WhiteElo "2010"]
[BlackElo "1872"]
[PlyCount "64"]
[EventDate "2013.??.??"]

1. e4 c5 2. Nf3 e6 3. c3 Nf6 4. e5 Nd5 5. d4 cxd4 6. cxd4 d6 7. Nc3 Nxc3 8.
bxc3 Nc6 9. exd6 Bxd6 10. Bd3 h6 11. O-O O-O 12. Re1 Bd7 13. Bc2 Ne7 14. Qd3
Ng6 15. Ne5 Bxe5 16. Rxe5 Ba4 17. Bb1 Rc8 18. Rh5 Bc6 19. Qh3 f5 20. Bc2 Bd5
21. Bxh6 gxh6 22. Rxh6 Qg5 23. Bb3 Rxc3 24. f4 Rxh3 25. fxg5 Rxh6 26. gxh6 Ne7
27. Re1 Kf7 28. Re3 Rh8 29. Rh3 Bxb3 30. Rxb3 b6 31. Rh3 a5 32. a4 Nd5 0-1

[Event "Sveins 6. Minneturnering"]
[Site "Oslo"]
[Date "2013.06.21"]
[Round "9"]
[White "Surender, Anil"]
[Black "Grønn, Eskil Ekeland"]
[Result "1-0"]
[WhiteElo "2021"]
[BlackElo "1883"]
[PlyCount "57"]
[EventDate "2013.??.??"]

1. d4 Nf6 2. c4 c5 3. d5 e6 4. Nc3 exd5 5. cxd5 d6 6. e4 g6 7. Nf3 Bg7 8. h3
O-O 9. Bd3 b5 10. Nxb5 Nxe4 11. Bxe4 Qa5+ 12. Nd2 Qxb5 13. Qb3 Qa6 14. Bd3 Re8+
15. Kf1 Qa5 16. Kg1 Re1+ 17. Kh2 Be5+ 18. g3 Rxh1+ 19. Kxh1 Bxh3 20. Qb7 Qb6
21. Qxa8 c4 22. Bf1 Bxf1 23. Nxf1 c3 24. bxc3 Bxc3 25. Be3 Qa6 26. Qxb8+ Kg7
27. Rc1 Qd3 28. Qxd6 Qe4+ 29. Kg1 1-0

[Event "Sveins 6. Minneturnering"]
[Site "Oslo"]
[Date "2013.06.21"]
[Round "9"]
[White "Olsen, Ulrik"]
[Black "Eriksen, Dag"]
[Result "0-1"]
[WhiteElo "1733"]
[BlackElo "1735"]
[PlyCount "68"]
[EventDate "2013.??.??"]

1. e4 Nf6 2. e5 Nd5 3. g3 d6 4. exd6 Qxd6 5. Bg2 Nc6 6. Nf3 Qe6+ 7. Qe2 Qxe2+
8. Kxe2 Ndb4 9. Na3 Bf5 10. d3 O-O-O 11. Rd1 e5 12. Nh4 Be6 13. c3 Nxa2 14. Bd2
Bb3 15. Re1 Bc5 16. Bxc6 bxc6 17. f3 g6 18. Nc4 Bc2 19. Nxe5 f6 20. Nf7 Rhe8+
21. Kf1 Bxd3+ 22. Kg2 Rxe1 23. Bxe1 Re8 24. f4 Bc4 25. Nh6 Re2+ 26. Kh3 Rxb2
27. Ng4 Bf1+ 28. Ng2 Bxg2+ 29. Kh4 f5 30. Nf6 Be7 31. Kg5 Bd5 32. h4 Bf7 33.
Rd1 h6+ 34. Kxh6 Bxf6 0-1

[Event "Sveins 6. Minneturnering"]
[Site "Oslo"]
[Date "2013.06.21"]
[Round "9"]
[White "Machlik, Endre"]
[Black "Bue, Gunnar"]
[Result "1-0"]
[WhiteElo "1650"]
[BlackElo "1683"]
[PlyCount "69"]
[EventDate "2013.??.??"]

1. d4 Nf6 2. c4 g6 3. Nc3 Bg7 4. e4 d6 5. f4 O-O 6. Nf3 c5 7. d5 Re8 8. Be2 e6
9. e5 dxe5 10. fxe5 Ng4 11. Bg5 f6 12. exf6 Nxf6 13. O-O h6 14. Bh4 g5 15. Bg3
exd5 16. cxd5 Ng4 17. Qd3 Ne3 18. Rfc1 c4 19. Qd2 Ng4 20. Bxc4 Ne3 21. Nb5 Nxc4
22. Rxc4 Na6 23. Nc7 Nxc7 24. Rxc7 Bg4 25. Rf1 Rc8 26. Rxb7 Re7 27. Rxe7 Qxe7
28. d6 Qd7 29. Re1 Qb5 30. Re7 Rd8 31. Ne5 Qc5+ 32. Bf2 Qxd6 33. Re8+ Bf8 34.
Rxd8 Qxe5 35. Qd5+ 1-0